Konvergencia v procese európskej menovej integrácie

Salvato in:
Dettagli Bibliografici
Autore principale: Šikulová, Ivana
Natura: Libro
Lingua:slovacco
Pubblicazione: Bratislava Ekonomický ústav Slovenskej akadémie vied 2006
Edizione:1. vyd.
Soggetti:
Tags: Aggiungi Tag
Nessun Tag, puoi essere il primo ad aggiungerne!!

MARC

LEADER 00000nam$a2200000$$$4500
001 0055166
005 20240213095037.8
020 |a 80-7144-155-4 
041 0 |a slo 
044 |a SK 
245 1 0 |a Konvergencia v procese európskej menovej integrácie  |c Ivana Šikulová 
250 |a 1. vyd. 
264 1 |a Bratislava  |b Ekonomický ústav Slovenskej akadémie vied  |c 2006 
300 |a 149 s. 
610 2 0 |a mena 
610 2 0 |a integrácia menová 
610 2 0 |a oblasti obchodu voľného 
610 2 0 |a konvergencia 
610 2 0 |a teórie ekonomické 
610 2 0 |a politika hospodárska 
610 2 0 |a eurozóna 
610 2 0 |a Európska únia 
610 2 0 |a Slovensko 
100 1 |a Šikulová, Ivana